MDQL
is popping MORE tags! Check the
thread
!
Quizzes
Events
Quiz Creation
Community
Videos
Private Events
Remove Ads
Sign In
Join for FREE
Feedback
Dark Mode
Quiz Categories
Sports
Geography
Music
Movies
Television
Just For Fun
Miscellaneous
History
Literature
Language
Science
Gaming
Entertainment
Religion
Holiday
For Kids
Quiz Lab
Recent
Popular Today
Quiz Kudos Today
Editor Picks
Curator Picks
Quizzes by...
Day
Popularity
Type
Ratings
Length
Year
Community
Subscriptions
Recent Discussions
Orange Saloon
Badges
Playlists
Quests
Create
Leaderboards
Showdown
Live 5
Trivia Bingo
Activity
Puzzle Library
Sporcle Events
Private Events
Virtual Trivia
Globe League
Become a Host
Pub Owners
SporcleCon
Opinionation
Our Games
Videos
Blog
Mobile Apps
Partnerships
Remove Ads and Go Orange
Feedback
Geography
Country
Landmarks
City
State
Population
World
Capital
Continent
Flags
Europe
Africa
Asia
South America
North America
Oceania
Border
Canada
United Kingdom
Topography
United States
Geography
Country
Landmarks
City
State
Population
World
Capital
Continent
Flags
Europe
Africa
Asia
South America
North America
Oceania
Border
Canada
United Kingdom
Topography
United States
Random Quiz
Search Sporcle
×
Quiz Lab
Quiz Lab
Geography
Italian
Type in answers that appear in a list
Type in answers that appear in a list
Classic
Best Score? Go Orange.
Italian Renaissance States Stats
Can you name the Italian Renaissance States between 1440-50?
By
jonty
7m
16 Questions
1,216 Plays
1,216 Plays
1,216 Plays
Comments
Comments
Give Quiz Kudos
Give Quiz Kudos
-
- Ratings
hide this ad
Replay
Link that replays current quiz
Next Quiz
Link to next quiz in quiz playlist
You Got
0%
They Got
Avg Score
51%
Avg Friend Score
Upgrade to see
Score Distribution
Jump to the score distribution portion of the page
Score
0/16
Timer
07:00
0
Plays Today
% Correct
Republic of Venice
94.5%
Republic of Florence
94.5%
Duchy of Milan
86.1%
Kingdom of Naples
84.7%
Republic of Genoa
72.6%
Kingdom of Sicily
72.6%
The Papal States
71.4%
Republic of Siena
43%
% Correct
Duchy of Savoy
34.9%
Marquisate of Mantua
33.1%
Duchy of Ferrara
33%
Republic of Lucca
31.8%
Duchy of Modena
26.3%
Bishopric of Trent
16.8%
Marquisate of Montferrat
11.4%
Marquisate of Saluzzo
9.9%
Quiz Playlist
Details
Report
Send in Message
Add To Playlist
Classic:
Type in answers that appear in a list
Last Updated: Feb 16, 2017
Quiz Scoreboard
CHALLENGE
Sign Up to Join the Scoreboard
Show All
Scores
Hide
Comments
May contain spoilers
Recently Published
5x2 Blitz: Bands
by SL_Kpop136
Music
30s
Colored Red Africa Blitz
by spor1
Geography
30s
Find the 'City' Movie
by crazypaving
Movies
60s
More to Explore
Quiz From the Vault
Featured Blog Post
14 Easter Pick-up Lines to Find Eggs With
hide this ad
You Might Also Like...
Tags
Italian Quiz
State Quiz
Italy
milan
milano
pope
renaissance
rome
Venice
Today's Top Quizzes in Geography
Browse Geography
hide this ad
Today's Top Quizzes in Italian
Browse Italian
Top Contributed Quizzes in Geography
1
Colored Red Europe Blitz I
2
Countries of the World - No Outlines Minefield
3
Colored Red Africa Blitz II
4
Colored Red Europe Blitz II
5
Colored Red Europe Blitz III
6
Colored Red Africa Blitz III
7
Colored Red States Blitz I
8
Colored Red States Blitz II
9
Lietuvos savivaldybės (Lithuanian Municipalities)
10
A Different View: World Oceans
Explore More
Trending Topics
Marvel
Anime
Kpop
Harry Potter
NBA
Crossword
Disney
The Office
Country
Pokémon
NFL
WWE
Song
Soccer
Puzzle
hide this ad
More By:
jonty
Quiz
Plays
Rating
Category
Featured
Created
Country Quiz: Taiwan
2,526
2.13
Geography
Jul 6, 2010
Italian Renaissance States
1,216
3.22
Geography
Aug 19, 2010
All Time La Liga Top Scorers
416
3.67
Sports
Oct 19, 2010
Largest UK Cities
413
4.20
Geography
Apr 2, 2012
2011 Cricket World Cup Final Lineups
257
3.00
Sports
Apr 2, 2011
Go to Creator's Profile
Score Distribution
Quiz Creator Spotlight
jonty
Follow
Send a Message
Quizzes Created
-
Created Quiz Play Count
-
More By This Creator
Popular Quizzes Today
1
Colored Red Africa Blitz
2
Find the 'City' Movie
3
Find the US States - No Outlines Minefield
4
5x2 Blitz: Bands
5
The Countries of the World
6
Find the US States
7
US States
8
Find the Countries of Europe - No Outlines Minefield
More Geography Quizzes
Find 7 Cities: Pennsylvania
Quiz Lab
Trending Quizzes
Colored Red Europe Blitz I
Colored Red Africa Blitz II
Colored Red Europe Blitz II
Colored Red Europe Blitz III
Colored Red Africa Blitz III
Recently Updated
How Do You Spell That?
pecheneg
Godzilla Movies
pecheneg
Grab Bag: 4-10 Letters
pecheneg
2024 March Madness Bracket
pecheneg
Famous TV Couples
Peacemaker
Champions League XIs: Real Madrid
pecheneg
Largest US Cities 1790-2010
pecheneg
Rides in Walt Disney World
pecheneg
Most Oscar Losses (Acting)
pecheneg
Beyoncé Albums
pecheneg
Trending Topics
Harry Potter
Marvel
NBA
Crossword
Disney
Anime
Kpop
Pokémon
The Office
Puzzle
Song
Soccer
WWE
Country
NFL
Your Account Isn't Verified!
In order to create a playlist on Sporcle, you need to verify the email address you used during registration. Go to your
Sporcle Settings
to finish the process.
Report this User
Report this user for behavior that violates our
Community Guidelines
.
Details:
Send Report
Go to the Sporcle.com Mobile Site →
Comments